[Event "4NCL/Div4/CELT1 vs. BRJ"]
[Site "Wokefield Park ENG"]
[Date "2007.11.24"]
[Round "3.1"]
[White "Kemp, Peter D"]
[Black "Richmond, Peter A"]
[Result "1/2-1/2"]
[WhiteElo "2189"]
[BlackElo "2250"]
[PlyCount "91"]
[EventDate "2007.11.24"]
[EventType "team"]
[EventRounds "11"]
[EventCountry "ENG"]
[SourceDate "2007.09.15"]

1. d4 d5 2. c4 c6 3. Nf3 e6 4. e3 Nf6 5. Nc3 Nbd7 6. Qc2 Bd6 7. Be2 O-O 8. O-O
Qe7 9. Bd2 Re8 10. Rfe1 dxc4 11. Bxc4 e5 12. Ng5 Rf8 13. f4 h6 14. Nxf7 Rxf7
15. dxe5 Nxe5 16. fxe5 Qxe5 17. Bxf7+ Kxf7 18. g3 Bh3 19. Qb3+ Kg6 20. Qc4 Qf5
21. Rf1 Bxf1 22. Rxf1 Qe5 23. Qd3+ Kf7 24. Ne4 Be7 25. Nxf6 Bxf6 26. Bc3 Rd8
27. Qc4+ Qe6 28. Qf4 Kg8 29. Bxf6 Rf8 30. Qe5 Rxf6 31. Qb8+ Kh7 32. Rxf6 Qxf6
33. Qxb7 Qf3 34. Qb3 Qe2 35. Qc3 a5 36. a3 a4 37. Qe5 g6 38. Qe7+ Kg8 39. Qe6+
Kg7 40. Qe5+ Kh7 41. e4 Qe1+ 42. Kg2 Qe2+ 43. Kh3 Qf1+ 44. Kh4 Qe2 45. Qe7+ Kg8
46. Qe8+ 1/2-1/2

[Event "4NCL/Div4/CELT1 vs. BRJ"]
[Site "Wokefield Park ENG"]
[Date "2007.11.24"]
[Round "3.2"]
[White "Headlong, Timothy"]
[Black "Josse, Mark"]
[Result "1-0"]
[WhiteElo "2201"]
[BlackElo "2140"]
[PlyCount "71"]
[EventDate "2007.11.24"]
[EventType "team"]
[EventRounds "11"]
[EventCountry "ENG"]
[SourceDate "2007.09.15"]

1. Nf3 d5 2. c4 c6 3. d4 Nf6 4. Nc3 e6 5. e3 Nbd7 6. Qc2 Bd6 7. Be2 O-O 8. O-O
Qe7 9. Rd1 dxc4 10. Bxc4 e5 11. e4 exd4 12. Nxd4 Ne5 13. Be2 Ng6 14. g3 Re8 15.
Bf3 Bg4 16. Bxg4 Nxg4 17. Nf5 Qf6 18. Rxd6 Re6 19. Rxe6 fxe6 20. Ne3 N4e5 21.
f4 Nf3+ 22. Kh1 Rd8 23. Ng4 Qe7 24. Qf2 Nd4 25. Be3 c5 26. h3 b5 27. a3 a5 28.
b4 axb4 29. axb4 cxb4 30. Bxd4 bxc3 31. Bxc3 b4 32. Ra7 Qd6 33. Bxg7 Qd1+ 34.
Kg2 Rd7 35. Rxd7 Qxd7 36. Nf6+ 1-0

[Event "4NCL/Div4/CELT1 vs. BRJ"]
[Site "Wokefield Park ENG"]
[Date "2007.11.24"]
[Round "3.3"]
[White "Thomas, Robert K"]
[Black "Girdlestone, Paul"]
[Result "1-0"]
[WhiteElo "2138"]
[BlackElo "2240"]
[PlyCount "81"]
[EventDate "2007.11.24"]
[EventType "team"]
[EventRounds "11"]
[EventCountry "ENG"]
[SourceDate "2007.09.15"]

1. d4 Nf6 2. c4 e6 3. Nc3 Bb4 4. Qc2 c5 5. dxc5 Bxc5 6. a3 d5 7. Nf3 Nc6 8. e3
a5 9. Bd3 dxc4 10. Bxc4 Bd7 11. O-O Rc8 12. Rd1 Qe7 13. Qe2 O-O 14. h3 e5 15.
Bd5 Rfd8 16. e4 Nd4 17. Qd3 Bc6 18. Bg5 Ne6 19. Be3 Bxe3 20. Qxe3 Nf4 21. Bxc6
bxc6 22. Qb6 Nd7 23. Qe3 Qf6 24. Ne2 Nxe2+ 25. Qxe2 Nc5 26. Qc4 Ne6 27. Rxd8+
Nxd8 28. Rd1 Nb7 29. Qc3 Nd6 30. Qxa5 Nxe4 31. Re1 Nd6 32. Rxe5 g6 33. Qc3 Kg7
34. Rc5 Qxc3 35. Rxc3 c5 36. b4 c4 37. Nd2 Nb5 38. Rxc4 Rd8 39. a4 Na3 40. Rc3
Rxd2 41. Rxa3 1-0

[Event "4NCL/Div4/CELT1 vs. BRJ"]
[Site "Wokefield Park ENG"]
[Date "2007.11.24"]
[Round "3.4"]
[White "Haydon, Richard"]
[Black "French, Angus"]
[Result "1/2-1/2"]
[WhiteElo "2190"]
[BlackElo "2106"]
[PlyCount "40"]
[EventDate "2007.11.24"]
[EventType "team"]
[EventRounds "11"]
[EventCountry "ENG"]
[SourceDate "2007.09.15"]

1. Nf3 d5 2. g3 Nf6 3. Bg2 Bf5 4. b3 e6 5. Bb2 Be7 6. O-O O-O 7. d3 h6 8. Nbd2
c6 9. e3 a5 10. a4 Na6 11. Ne5 Bh7 12. h4 Rc8 13. Qe2 Nb4 14. Rfc1 Nd7 15. Nxd7
Qxd7 16. Qg4 f6 17. e4 Bd6 18. Nf3 f5 19. exf5 exf5 20. Qh5 f4 1/2-1/2

[Event "4NCL/Div4/CELT1 vs. BRJ"]
[Site "Wokefield Park ENG"]
[Date "2007.11.24"]
[Round "3.5"]
[White "Evans, Craig"]
[Black "Cabero, Pablo Padilla"]
[Result "1/2-1/2"]
[WhiteElo "2034"]
[BlackElo "2152"]
[PlyCount "37"]
[EventDate "2007.11.24"]
[EventType "team"]
[EventRounds "11"]
[EventCountry "ENG"]
[SourceDate "2007.09.15"]

1. e4 Nf6 2. e5 Nd5 3. d4 c5 4. c4 Nb4 5. d5 d6 6. a3 Qa5 7. Bd2 Bf5 8. Bxb4
cxb4 9. exd6 exd6 10. Bd3 Bxd3 11. Qxd3 Be7 12. Nf3 O-O 13. O-O Bf6 14. Nbd2
Na6 15. Ne4 Bxb2 16. Neg5 g6 17. axb4 Qc7 18. Rab1 Bf6 19. Rfc1 1/2-1/2

[Event "4NCL/Div4/CELT1 vs. BRJ"]
[Site "Wokefield Park ENG"]
[Date "2007.11.24"]
[Round "3.6"]
[White "Hall, Daniel J"]
[Black "Davy, John"]
[Result "1-0"]
[WhiteElo "2116"]
[BlackElo "1936"]
[PlyCount "63"]
[EventDate "2007.11.24"]
[EventType "team"]
[EventRounds "11"]
[EventCountry "ENG"]
[SourceDate "2007.09.15"]

1. e4 d6 2. d4 Nf6 3. Nc3 g6 4. Nf3 Bg7 5. Be2 c6 6. a4 O-O 7. O-O Qc7 8. h3
Nbd7 9. Be3 e5 10. Qd2 exd4 11. Nxd4 Re8 12. f3 Nc5 13. b4 Ne6 14. Rad1 Rd8 15.
f4 Qe7 16. Nb3 d5 17. e5 Nd7 18. b5 f6 19. bxc6 bxc6 20. exf6 Qxf6 21. Na2 Nb6
{=} 22. Qa5 Bb7 23. Nc5 Nxc5 24. Bxc5 Qb2 25. Nb4 Bc3 26. Bd3 Nd7 27. Rb1 Bxb4
28. Bxb4 Qd4+ 29. Kh1 c5 30. Bc3 Qe3 31. Rxb7 c4 32. Qxd5+ 1-0

[Event "4NCL/Div4/BCA vs. GREN"]
[Site "Wokefield Park ENG"]
[Date "2007.11.24"]
[Round "3.1"]
[White "Crouch, Colin"]
[Black "Mayhew, Andrew"]
[Result "1-0"]
[WhiteElo "2353"]
[BlackElo "2015"]
[PlyCount "41"]
[EventDate "2007.11.24"]
[EventType "team"]
[EventRounds "11"]
[EventCountry "ENG"]
[SourceDate "2007.09.15"]

1. d4 Nf6 2. c4 e6 3. Nc3 c5 4. d5 exd5 5. cxd5 d6 6. e4 g6 7. Bd3 Bg7 8. Nge2
O-O 9. O-O Re8 10. Ng3 a6 11. a4 b6 12. Ra3 Nbd7 13. f4 Qc7 14. Bc4 h5 15. e5
dxe5 16. f5 Kh7 17. d6 Qc6 18. Bxf7 Bb7 19. fxg6+ Kh8 20. Bd5 Nxd5 21. Qxh5+
1-0

[Event "4NCL/Div4/BCA vs. GREN"]
[Site "Wokefield Park ENG"]
[Date "2007.11.24"]
[Round "3.2"]
[White "Melsom, Jonathan T"]
[Black "Mordue, A Tyson"]
[Result "0-1"]
[WhiteElo "1915"]
[BlackElo "2298"]
[PlyCount "86"]
[EventDate "2007.11.24"]
[EventType "team"]
[EventRounds "11"]
[EventCountry "ENG"]
[SourceDate "2007.09.15"]

1. e4 c5 2. Nf3 e6 3. d4 cxd4 4. Nxd4 Nf6 5. Nc3 d6 6. Be2 a6 7. O-O Be7 8. Kh1
O-O 9. f4 Qc7 10. a4 Nc6 11. Nxc6 bxc6 12. Qe1 d5 13. e5 Nd7 14. Bd3 c5 15. b3
f6 16. Qh4 g6 17. Rf3 Rf7 18. Nxd5 exd5 19. e6 Rg7 20. exd7 Bxd7 21. Bb2 Qc6
22. Re1 Re8 23. g4 f5 24. g5 d4 25. Bc4+ Kf8 26. Kg2 Bd6 27. Rxe8+ Kxe8 28. Bd3
Re7 29. Kf2 Qb6 30. Bc1 Qb4 31. Kf1 Bxa4 32. Qf2 Bb5 33. Bd2 Bxd3+ 34. Rxd3 Qb5
35. Qf3 Re4 36. Kg2 Bc7 37. h4 Ba5 38. Bxa5 Qxa5 39. h5 Qe1 40. Kh3 a5 41. hxg6
hxg6 42. c3 Re3 43. Rxe3+ Qxe3 0-1

[Event "4NCL/Div4/BCA vs. GREN"]
[Site "Wokefield Park ENG"]
[Date "2007.11.24"]
[Round "3.3"]
[White "Lilley, Graham"]
[Black "Varley, Ed"]
[Result "1-0"]
[WhiteElo "2140"]
[BlackElo "1880"]
[PlyCount "89"]
[EventDate "2007.11.24"]
[EventType "team"]
[EventRounds "11"]
[EventCountry "ENG"]
[SourceDate "2007.09.15"]

1. d4 d5 2. c4 c6 3. e3 Nf6 4. Nc3 e6 5. Nf3 Nbd7 6. Bd3 dxc4 7. Bxc4 Be7 8.
O-O O-O 9. e4 b5 10. Bd3 Bb7 11. e5 Nd5 12. Nxd5 exd5 13. Be3 Re8 14. Rc1 Rc8
15. Qd2 a6 16. b4 f6 17. Bf5 Ra8 18. Be6+ Kh8 19. Bf7 Rf8 20. e6 Nb6 21. Nh4
Nc4 22. Qd3 Nd6 23. Ng6+ hxg6 24. Qxg6 Nxf7 25. exf7 Rxf7 26. Qxf7 Qd6 27. Bd2
Rf8 28. Qh5+ Kg8 29. Rfe1 Bc8 30. Re2 Be6 31. Rce1 Bf7 32. Qg4 Bd8 33. Bh6 g6
34. Bxf8 Kxf8 35. Qc8 Kg7 36. a3 Bc7 37. g3 a5 38. Re6 Bxe6 39. Rxe6 Qd8 40.
Qxd8 Bxd8 41. Rxc6 axb4 42. axb4 Be7 43. Rb6 Bxb4 44. Rxb5 Bc3 45. Rxd5 1-0

[Event "4NCL/Div4/BCA vs. GREN"]
[Site "Wokefield Park ENG"]
[Date "2007.11.24"]
[Round "3.4"]
[White "Jennings, Michael"]
[Black "Hilton, Steve"]
[Result "0-1"]
[WhiteElo "1780"]
[BlackElo "1967"]
[PlyCount "52"]
[EventDate "2007.11.24"]
[EventType "team"]
[EventRounds "11"]
[EventCountry "ENG"]
[SourceDate "2007.09.15"]

1. e4 c5 2. c3 Nf6 3. e5 Nd5 4. Bc4 e6 5. Nf3 d6 6. d4 cxd4 7. cxd4 Be7 8. Nc3
Nxc3 9. bxc3 Qc7 10. Bb5+ Bd7 11. Bxd7+ Nxd7 12. Bd2 dxe5 13. dxe5 Nxe5 14. O-O
Nxf3+ 15. Qxf3 O-O 16. Rab1 b6 17. Rb3 Rac8 18. Rfb1 Rfd8 19. Be3 Rd3 20. Rc1
Rcd8 21. Qe2 Qc4 22. Qc2 h6 23. Bd4 R8xd4 24. h3 Rd8 25. Ra1 Bc5 26. a4 Rd2 0-1

[Event "4NCL/Div4/NOTT1 vs. LIT2"]
[Site "Wokefield Park ENG"]
[Date "2007.11.24"]
[Round "3.1"]
[White "Richmond, Robert J"]
[Black "Stewart, Joseph"]
[Result "1-0"]
[WhiteElo "2257"]
[BlackElo "2005"]
[PlyCount "85"]
[EventDate "2007.11.24"]
[EventType "team"]
[EventRounds "11"]
[EventCountry "ENG"]
[SourceDate "2007.09.15"]

1. d4 d5 2. c4 c6 3. Nf3 Nf6 4. Nc3 e6 5. e3 Bd6 6. Qc2 Nbd7 7. cxd5 exd5 8.
Bd3 O-O 9. Bd2 Re8 10. h3 Qe7 11. O-O-O Ne4 12. Be1 Nf8 13. g4 Bd7 14. Bxe4
dxe4 15. Nd2 f5 16. gxf5 Bxf5 17. f3 Bg6 18. fxe4 Bb4 19. Bh4 Qe6 20. Rdg1 Bxc3
{=} 21. bxc3 Bxe4 22. Nxe4 Qxe4 23. Qxe4 Rxe4 24. Bf6 Ng6 25. Bg5 Re6 26. h4 h6
27. Bxh6 gxh6 28. h5 Kh7 29. hxg6+ Rxg6 30. Rxg6 Kxg6 31. Kd2 Rf8 32. Rg1+ Kh7
33. Ke2 h5 34. e4 b5 35. e5 Kh6 36. Ke3 h4 37. Ke4 Rf2 38. e6 Re2+ 39. Kf5 h3
40. Kf6 h2 41. Rh1 Rf2+ 42. Ke7 Kg5 43. Kd7 1-0

[Event "4NCL/Div4/NOTT1 vs. LIT2"]
[Site "Wokefield Park ENG"]
[Date "2007.11.24"]
[Round "3.2"]
[White "Mapletoft, Alexander J"]
[Black "Mercs, Peter J"]
[Result "1-0"]
[WhiteElo "1865"]
[BlackElo "2067"]
[PlyCount "69"]
[EventDate "2007.11.24"]
[EventType "team"]
[EventRounds "11"]
[EventCountry "ENG"]
[SourceDate "2007.09.15"]

1. e4 c5 2. Nf3 d6 3. d4 cxd4 4. Nxd4 Nf6 5. Nc3 Nc6 6. f3 e5 7. Nde2 Be6 8.
Be3 Be7 9. Qd2 O-O 10. O-O-O a6 11. g4 Qa5 12. Kb1 Rfd8 13. g5 Nd7 14. h4 b5
15. Bh3 Bxh3 16. Rxh3 Nb6 17. Bxb6 Qxb6 18. Nd5 Qa7 19. Ng3 Nd4 20. Nf5 Nxf5
21. exf5 Rac8 22. f6 Bf8 23. h5 Qd7 24. Rg3 Qf5 25. Rdg1 g6 26. hxg6 Qxg6 27.
Rh1 Rc5 28. Rgh3 Rdc8 29. Rxh7 Qxh7 30. Rxh7 Rxc2 31. Rg7+ Bxg7 32. Ne7+ Kh8
33. fxg7+ Kxg7 34. Qxc2 Rxc2 35. Kxc2 1-0

[Event "4NCL/Div4/NOTT1 vs. LIT2"]
[Site "Wokefield Park ENG"]
[Date "2007.11.24"]
[Round "3.3"]
[White "Day, Thomas W"]
[Black "Turvey, Steven"]
[Result "1-0"]
[WhiteElo "2095"]
[BlackElo "1915"]
[PlyCount "47"]
[EventDate "2007.11.24"]
[EventType "team"]
[EventRounds "11"]
[EventCountry "ENG"]
[SourceDate "2007.09.15"]

1. d4 d5 2. c4 c6 3. Nc3 Nf6 4. Bg5 e6 5. Nf3 Be7 6. e3 O-O 7. h3 h6 8. Bxf6
Bxf6 9. Bd3 Re8 10. O-O Nd7 11. e4 dxc4 12. Bxc4 Nb6 13. Bb3 Nd7 14. Re1 c5 15.
e5 Be7 16. d5 exd5 17. Qxd5 Rf8 18. e6 Nf6 19. Qxd8 Rxd8 20. exf7+ Kf8 21. Nh4
Nd5 22. Ng6+ Kxf7 23. Nxe7 Be6 24. Nexd5 1-0

[Event "4NCL/Div4/NOTT1 vs. LIT2"]
[Site "Wokefield Park ENG"]
[Date "2007.11.24"]
[Round "3.4"]
[White "Bryant, Kevin"]
[Black "Truman, Richard G"]
[Result "0-1"]
[WhiteElo "1920"]
[BlackElo "2040"]
[PlyCount "58"]
[EventDate "2007.11.24"]
[EventType "team"]
[EventRounds "11"]
[EventCountry "ENG"]
[SourceDate "2007.09.15"]

1. e4 c5 2. Nf3 d6 3. d4 cxd4 4. Nxd4 Nf6 5. Nc3 a6 6. Bg5 e6 7. Bc4 Qc7 8. Bb3
Be7 9. O-O b5 10. a3 O-O 11. Kh1 Nc6 12. f4 Na5 13. Qe2 Nxb3 14. Nxb3 Bb7 15.
Rad1 h6 16. Bh4 Nxe4 17. Nxe4 Bxh4 18. Nxd6 Bd5 19. Ne4 Bc4 20. Qg4 Bxf1 21.
Rxf1 Qxc2 22. Nbd2 f5 23. Qxh4 fxe4 24. Qe1 e5 25. Nxe4 Rxf4 26. Rxf4 exf4 27.
Nd6 Qg6 28. Qd1 Rd8 29. Qd5+ Kh7 0-1

[Event "4NCL/Div4/NOTT1 vs. LIT2"]
[Site "Wokefield Park ENG"]
[Date "2007.11.24"]
[Round "3.5"]
[White "Kingston, Ian"]
[Black "Farrall, David J"]
[Result "1-0"]
[WhiteElo "2025"]
[BlackElo "1802"]
[PlyCount "53"]
[EventDate "2007.11.24"]
[EventType "team"]
[EventRounds "11"]
[EventCountry "ENG"]
[SourceDate "2007.09.15"]

1. e4 c5 2. Nf3 d6 3. Bb5+ Nc6 4. O-O Bd7 5. Re1 e6 6. c3 a6 7. Bf1 Qc7 8. d4
cxd4 9. cxd4 Nf6 10. Nc3 O-O-O 11. Bf4 Kb8 12. Rc1 Qa5 13. a3 h6 14. Bd2 Qh5
15. b4 g5 16. d5 Na7 17. Be3 Nc8 18. b5 axb5 19. Bxb5 Bg7 20. Qa4 Rhe8 21. Bxd7
Rxd7 22. Nb5 b6 23. Rc6 exd5 24. Rec1 Rde7 25. Nc7 Rxc7 26. Rxc7 dxe4 27. Qa6
1-0

[Event "4NCL/Div4/NOTT1 vs. LIT2"]
[Site "Wokefield Park ENG"]
[Date "2007.11.24"]
[Round "3.6"]
[White "Johnson, Andy G"]
[Black "Wright, Antony J"]
[Result "1-0"]
[WhiteElo "1835"]
[BlackElo "1995"]
[PlyCount "87"]
[EventDate "2007.11.24"]
[EventType "team"]
[EventRounds "11"]
[EventCountry "ENG"]
[SourceDate "2007.09.15"]

1. d4 e6 2. Nf3 d5 3. e3 Nf6 4. Nbd2 Be7 5. Bd3 b6 6. O-O Bb7 7. Re1 Nbd7 8. e4
dxe4 9. Nxe4 Nxe4 10. Bxe4 Bxe4 11. Rxe4 Nf6 12. Re1 Qd5 13. Ne5 O-O 14. Qd3
Rfd8 15. Be3 c5 16. Nf3 c4 17. Qd1 b5 18. a3 a5 19. Bg5 h6 20. Re5 Qb7 21. Bh4
Rac8 22. c3 Rd5 23. Rxd5 Qxd5 24. Ne5 Qe4 25. Bxf6 Bxf6 26. Nd7 Be7 27. Ne5 Bd6
28. Qf3 {=} Qxf3 29. Nxf3 b4 30. axb4 axb4 31. g3 f6 32. Ra6 Rd8 33. Rc6 e5 34.
dxe5 fxe5 35. Rxc4 bxc3 36. bxc3 Kf7 37. Nd2 Bb8 38. Ne4 Ke6 39. Ra4 Rd1+ 40.
Kg2 Rb1 {=} 41. c4 Rb2 42. Kf3 Rb3+ 43. Kg4 g6 44. Nc5+ 1-0

[Event "4NCL/Div4/GLOSG vs. GUI4"]
[Site "Wokefield Park ENG"]
[Date "2007.11.24"]
[Round "3.1"]
[White "Lambourne, Daniel M"]
[Black "Dekker, Alain"]
[Result "1/2-1/2"]
[WhiteElo "2100"]
[BlackElo "2124"]
[PlyCount "26"]
[EventDate "2007.11.24"]
[EventType "team"]
[EventRounds "11"]
[EventCountry "ENG"]
[SourceDate "2007.09.15"]

1. c4 f5 2. d4 Nf6 3. Nc3 e6 4. g3 Be7 5. Bg2 O-O 6. e3 d6 7. Nf3 Qe8 8. O-O a5
9. b3 Qg6 10. Nh4 Qf7 11. Nf3 Qg6 12. Nh4 Qf7 13. Nf3 Qg6 1/2-1/2

[Event "4NCL/Div4/GLOSG vs. GUI4"]
[Site "Wokefield Park ENG"]
[Date "2007.11.24"]
[Round "3.2"]
[White "Stimpson, Philip M"]
[Black "Hosken, Nigel"]
[Result "1/2-1/2"]
[WhiteElo "2090"]
[BlackElo "1992"]
[PlyCount "70"]
[EventDate "2007.11.24"]
[EventType "team"]
[EventRounds "11"]
[EventCountry "ENG"]
[SourceDate "2007.09.15"]

1. e4 c5 2. Nc3 Nc6 3. Nf3 e5 4. Bc4 d6 5. d3 Be7 6. Nd5 Nf6 7. Nxe7 Qxe7 8. h3
O-O 9. O-O Be6 10. Qe2 a6 11. a4 d5 12. exd5 Bxd5 13. Bxd5 Nxd5 14. Qe4 Rad8
15. Be3 Nxe3 16. fxe3 f6 17. Qc4+ Kh8 18. a5 Qd6 19. Nd2 Qd5 20. Qxd5 Rxd5 21.
Rf2 Nd8 22. Nc4 Ne6 23. Nb6 Rd6 24. Nc4 Rdd8 25. Ra3 Nc7 26. Rb3 Nb5 27. Nb6
Rf7 28. c4 Na7 29. Nd5 Nc6 30. Ra3 e4 31. dxe4 Re8 32. Rf4 Ne5 33. Rc3 Nc6 34.
Ra3 Ne5 35. Rc3 Nc6 1/2-1/2

[Event "4NCL/Div4/GLOSG vs. GUI4"]
[Site "Wokefield Park ENG"]
[Date "2007.11.24"]
[Round "3.3"]
[White "Martin, Peter"]
[Black "Sen, Subin"]
[Result "1/2-1/2"]
[WhiteElo "2042"]
[BlackElo "2026"]
[PlyCount "100"]
[EventDate "2007.11.24"]
[EventType "team"]
[EventRounds "11"]
[EventCountry "ENG"]
[SourceDate "2007.09.15"]

1. d4 Nf6 2. Nf3 g6 3. Bg5 Bg7 4. Nbd2 d5 5. e3 O-O 6. Bd3 c5 7. c3 Qb6 8. Qb3
c4 9. Qxb6 axb6 10. Bc2 Bf5 11. Bxf5 gxf5 12. Ne5 e6 13. f3 Nh5 14. Be7 Re8 15.
Bd6 f4 16. Nf1 fxe3 17. g3 f6 18. Ng4 e5 19. Nfxe3 exd4 20. cxd4 Nc6 21. Kf2
Nxd4 22. Rhd1 f5 23. Be5 Bxe5 24. Nxe5 Rxe5 25. Rxd4 Nf6 26. a3 Rae8 27. Re1 b5
28. h3 Kf8 29. Ng2 Rxe1 30. Nxe1 Ke7 31. Nc2 Kd6 32. Rh4 Kc5 33. Rf4 Re5 34. g4
Nd7 35. gxf5 {=} Nf6 36. Ne3 d4 37. Ng4 Nxg4+ 38. hxg4 Re7 39. f6 Rf7 40. g5 d3
41. Ke3 Kd5 42. Rf5+ Kc6 43. f4 Rf8 44. Re5 h6 45. Re6+ Kd5 46. Re7 Kd6 47. Kd2
hxg5 48. fxg5 Rh8 49. g6 Rh2+ 50. Kc1 Rh1+ 1/2-1/2

[Event "4NCL/Div4/GLOSG vs. GUI4"]
[Site "Wokefield Park ENG"]
[Date "2007.11.24"]
[Round "3.4"]
[White "Smart, Michael R"]
[Black "Taylor, Geoffrey P"]
[Result "1/2-1/2"]
[WhiteElo "1972"]
[BlackElo "2063"]
[PlyCount "49"]
[EventDate "2007.11.24"]
[EventType "team"]
[EventRounds "11"]
[EventCountry "ENG"]
[SourceDate "2007.09.15"]

1. e4 c5 2. Nf3 Nc6 3. d4 cxd4 4. Nxd4 e6 5. g3 a6 6. Bg2 Nf6 7. O-O Qb6 8. Nb3
d6 9. Be3 Qc7 10. N1d2 Be7 11. Nc4 Nd7 12. a4 b6 13. a5 b5 14. Nb6 Rb8 15. c4
bxc4 16. Nxc4 O-O 17. Rc1 Bb7 18. Nb6 Nxb6 19. Bxb6 Qc8 20. Nd4 Qd7 21. Re1
Rfc8 22. Qg4 Ne5 23. Qe2 Rxc1 24. Rxc1 Rc8 25. Rxc8+ 1/2-1/2

[Event "4NCL/Div4/GLOSG vs. GUI4"]
[Site "Wokefield Park ENG"]
[Date "2007.11.24"]
[Round "3.5"]
[White "Gilmour, Andrew J"]
[Black "Gibbs, Daniel"]
[Result "1/2-1/2"]
[WhiteElo "2030"]
[BlackElo "1990"]
[PlyCount "48"]
[EventDate "2007.11.24"]
[EventType "team"]
[EventRounds "11"]
[EventCountry "ENG"]
[SourceDate "2007.09.15"]

1. e4 g6 2. d4 Bg7 3. Nc3 d6 4. Be3 a6 5. Qd2 Nd7 6. Bd3 b5 7. Nge2 Bb7 8. a4
b4 9. Nd1 Rb8 10. f4 c5 11. Nf2 cxd4 12. Bxd4 Bxd4 13. Nxd4 e5 14. Nf3 exf4 15.
O-O g5 16. Qxb4 Ne5 17. Rad1 Nxf3+ 18. gxf3 Nf6 19. Bc4 Bd5 20. Bb5+ axb5 21.
exd5 bxa4 22. Qxa4+ Kf8 23. Qd4 Kg7 24. b3 Qb6 1/2-1/2

[Event "4NCL/Div4/GLOSG vs. GUI4"]
[Site "Wokefield Park ENG"]
[Date "2007.11.24"]
[Round "3.6"]
[White "Deswarte, Ian"]
[Black "Meade, Philip J"]
[Result "0-1"]
[WhiteElo "1935"]
[BlackElo "2020"]
[PlyCount "60"]
[EventDate "2007.11.24"]
[EventType "team"]
[EventRounds "11"]
[EventCountry "ENG"]
[SourceDate "2007.09.15"]

1. e4 c5 2. Nf3 e6 3. d4 cxd4 4. Nxd4 Nc6 5. Be3 Nf6 6. Nd2 Qc7 7. Be2 a6 8.
O-O d5 9. Nxc6 bxc6 10. f4 dxe4 11. Nc4 c5 12. c3 Be7 13. Qa4+ Bd7 14. Qc2 O-O
15. Rad1 Rfd8 16. Ne5 Bb5 17. g4 Nd5 18. Bc1 f6 19. c4 fxe5 20. cxb5 Nxf4 21.
Bxf4 exf4 22. Qxe4 axb5 23. Qxe6+ Kh8 24. Bf3 Rab8 25. Be4 Bf8 26. Rxd8 Rxd8
27. Qf5 g6 28. Qxf4 Qxf4 29. Rxf4 Bg7 30. Rf2 Bd4 0-1

[Event "4NCL/Div4/CONQ1 vs. AMCAD"]
[Site "Wokefield Park ENG"]
[Date "2007.11.24"]
[Round "3.1"]
[White "Polaczek, Richard"]
[Black "Purdon, Colin"]
[Result "1/2-1/2"]
[WhiteElo "2425"]
[BlackElo "2116"]
[PlyCount "111"]
[EventDate "2007.11.24"]
[EventType "team"]
[EventRounds "11"]
[EventCountry "ENG"]
[SourceDate "2007.09.15"]

1. d4 d5 2. Nf3 Nf6 3. c4 c6 4. Qc2 e6 5. g3 Nbd7 6. Bg2 Bd6 7. O-O O-O 8. Nbd2
Re8 9. Rd1 Qe7 10. e4 e5 11. cxd5 cxd5 12. exd5 exd4 13. Nxd4 Nb6 14. Nf5 Bxf5
15. Qxf5 Rad8 16. Nf1 Qe2 17. Bf3 Qb5 18. Ne3 Re5 19. Qd3 Qxd3 20. Rxd3 Bc5 21.
b3 Ree8 22. Bb2 Nbd7 23. Nc4 Ne4 24. Rf1 b6 25. a3 a5 26. Kg2 Ng5 27. Bg4 g6
28. Bxd7 Rxd7 29. Ne5 Rd6 30. Nc4 Rd7 31. Ne5 Rd6 32. h4 Ne4 33. f3 Nf6 34.
Rfd1 Red8 35. Nc6 R8d7 36. b4 axb4 37. axb4 Rxd5 38. Rxd5 Nxd5 39. Kh2 Bf8 40.
Ne5 Rd6 {=} 41. Nc4 Rd7 42. b5 Bc5 43. Ne5 Rd6 44. Nc4 Rd7 45. g4 f6 46. Ra1
Kf7 47. g5 Re7 48. gxf6 Nxf6 49. Ne5+ Ke6 50. Nc6 Rd7 51. Re1+ Kf5 52. Kh3 Rd3
53. Ne5 Re3 54. Rxe3 Bxe3 55. Nc4 Bc5 56. Bxf6 1/2-1/2

[Event "4NCL/Div4/CONQ1 vs. AMCAD"]
[Site "Wokefield Park ENG"]
[Date "2007.11.24"]
[Round "3.2"]
[White "Morris-Hill, Ray"]
[Black "Prizant, Michael"]
[Result "1/2-1/2"]
[WhiteElo "2105"]
[BlackElo "2182"]
[PlyCount "55"]
[EventDate "2007.11.24"]
[EventType "team"]
[EventRounds "11"]
[EventCountry "ENG"]
[SourceDate "2007.09.15"]

1. d4 d5 2. Nf3 e6 3. e3 c5 4. b3 Nf6 5. Bd3 Nbd7 6. O-O Bd6 7. Bb2 Qc7 8. Nbd2
e5 9. dxe5 Nxe5 10. Nxe5 Bxe5 11. Bxe5 Qxe5 12. Bb5+ Bd7 13. Bxd7+ Nxd7 14. Nf3
Qf5 15. Rc1 O-O-O 16. Qd3 Qxd3 17. cxd3 Kb8 18. Rc2 h6 19. d4 cxd4 20. Nxd4 g6
21. Rd1 Rc8 22. Kf1 Nf6 23. Rdc1 Rxc2 24. Rxc2 a6 25. Nf3 Re8 26. Ke2 Re7 27.
Kd3 Ka7 28. h3 1/2-1/2

[Event "4NCL/Div4/CONQ1 vs. AMCAD"]
[Site "Wokefield Park ENG"]
[Date "2007.11.24"]
[Round "3.3"]
[White "Bailey, Kevin"]
[Black "McCullough, Simon L"]
[Result "0-1"]
[WhiteElo "2104"]
[BlackElo "2080"]
[PlyCount "66"]
[EventDate "2007.11.24"]
[EventType "team"]
[EventRounds "11"]
[EventCountry "ENG"]
[SourceDate "2007.09.15"]

1. e4 c6 2. d4 d5 3. exd5 cxd5 4. Bd3 Nf6 5. c3 g6 6. Nf3 Bg4 7. h3 Bxf3 8.
Qxf3 Bg7 9. O-O O-O 10. Bf4 Qb6 11. Qe2 Nc6 12. Na3 a6 13. Rab1 Nh5 14. Be3 Qc7
15. Qf3 Rad8 16. g4 Nf6 17. Bf4 e5 18. dxe5 Nxe5 19. Qg3 Rfe8 20. Rfe1 Nfd7 21.
Bf1 Re7 22. Nc2 Rde8 23. Red1 Nf6 24. Nb4 Rd7 25. Bg2 Ne4 26. Qh2 Qc4 27. Qh1
Nxf2 28. Kxf2 Qxf4+ 29. Kg1 Qe3+ 30. Kf1 Re6 31. Nxd5 Rxd5 32. Bxd5 Rf6+ 33.
Kg2 Qf2# 0-1

[Event "4NCL/Div4/CONQ1 vs. AMCAD"]
[Site "Wokefield Park ENG"]
[Date "2007.11.24"]
[Round "3.4"]
[White "Duvall, Ian"]
[Black "Ynojosa, Felix J"]
[Result "1-0"]
[WhiteElo "2045"]
[BlackElo "2085"]
[PlyCount "69"]
[EventDate "2007.11.24"]
[EventType "team"]
[EventRounds "11"]
[EventCountry "ENG"]
[SourceDate "2007.09.15"]

1. d4 Nf6 2. c4 e6 3. Nf3 c5 4. e3 cxd4 5. exd4 d5 6. Nc3 dxc4 7. Bxc4 Nc6 8.
O-O Be7 9. Re1 O-O 10. Bg5 h6 11. Bh4 Nd5 12. Bg3 Nb6 13. Bb3 Kh8 14. Qe2 f5
15. Be5 Bf6 16. Rad1 Ne7 17. Nb5 Nbd5 18. Bd6 Re8 19. Ne5 Kg8 20. Qh5 a6 21.
Qf7+ Kh7 22. Bxd5 axb5 23. Bxe7 Rxe7 24. Qg6+ Kg8 25. Bb3 Qb6 26. Qxf5 Ra4 27.
Qd3 Bxe5 28. Rxe5 Rc7 29. Rxb5 Qa6 30. Bxa4 Qxa4 31. Rc5 Rxc5 32. dxc5 Kf7 33.
h3 Qxa2 34. Qd8 Qa4 35. Rd3 1-0

[Event "4NCL/Div4/CONQ1 vs. AMCAD"]
[Site "Wokefield Park ENG"]
[Date "2007.11.24"]
[Round "3.5"]
[White "Foster, James C"]
[Black "Staples, Daniel J"]
[Result "1-0"]
[WhiteElo "1970"]
[BlackElo "2045"]
[PlyCount "73"]
[EventDate "2007.11.24"]
[EventType "team"]
[EventRounds "11"]
[EventCountry "ENG"]
[SourceDate "2007.09.15"]

1. e4 c5 2. c3 d5 3. exd5 Qxd5 4. d4 Nc6 5. Nf3 Bg4 6. Be2 e6 7. h3 Bh5 8. O-O
Nf6 9. Be3 cxd4 10. cxd4 Qd8 11. Nc3 a6 12. Qb3 Bb4 13. Rfd1 Bxc3 14. bxc3 Qc8
15. Qa3 Qc7 16. c4 Qe7 17. Qb2 Qb4 18. Qc1 Rc8 19. Rb1 Qe7 20. Qb2 Nd8 21. Bd2
Ne4 22. Bb4 Qc7 23. d5 f6 24. d6 Qd7 25. Ne5 fxe5 26. Bxh5+ Nf7 27. Qxe5 Nf6
28. Bxf7+ Kxf7 29. Rd4 Rhf8 30. Bc3 b5 31. c5 Nd5 32. Rg4 g6 33. Rh4 Ke8 34.
Rxh7 Qxh7 35. Qxe6+ Kd8 36. Ba5+ Nc7 37. dxc7+ 1-0